|
|
|
|
| LEADER |
00582cam a2200181 7i4500 |
| 001 |
0000031583 |
| 005 |
20140819090000.0 |
| 020 |
0 |
0 |
|a 9781118611142
|
| 090 |
0 |
0 |
|a B 658.314
|b BUR
|
| 100 |
1 |
0 |
|a Burkus
|
| 245 |
1 |
4 |
|a The Myths of creativity :
|b the truth about how innovative companies and people generate great ideas.
|
| 260 |
0 |
0 |
|a San Francisco:
|b Jessey-Bass,
|c 2014.
|
| 300 |
# |
# |
|a 214 p.
|
| 650 |
0 |
0 |
|a Creative thinking
|
| 650 |
0 |
0 |
|a Technological innovations
|
| 650 |
0 |
0 |
|a Creative ability in business
|
| 650 |
0 |
0 |
|a New products
|
| 999 |
|
|
|a B000034581
|b Book
|c Book
|e Business Information Centre
|